000
00316 a2200133 4500
082
_a
626.6
090
_c
6140
_d
6140
100
_a
Tanner,James M.
245
_a
Growth.
_c
James M.Tanner.
260
_a
Hong Kong.
_b
Time-Life Books.
_c
1991.
300
_a
198p.
500
_a
Hard cover.
942
_a
NBS
_c
BK
_k
626.6 TAN
999
_c
348517
_d
348517